Le traditionalisme et le rationalisme examinés au point de vue de la philosophie et de la doctrine catholique / (Record no. 158244)

MARC details
000 -LEADER
campo de control de longitud fija 00669nam a22001935i 4500
001 - NÚMERO DE CONTROL
campo de control 158244
003 - IDENTIFICADOR DE NÚMERO DE CONTROL
campo de control ES-MaACL
005 - FECHA Y HORA DE LA ÚLTIMA TRANSACCIÓN
campo de control 20230906211055.0
008 - DATOS DE LONGITUD FIJA--INFORMACIÓN GENERAL
campo de control de longitud fija 040825s1858 be |||| | fre d
040 ## - FUENTE DE CATALOGACIÓN
Centro catalogador/agencia de origen CAM
Lengua de catalogación spa
Centro/agencia transcriptor CAM
080 ## - NÚMERO DE LA CLASIFICACIÓN DECIMAL UNIVERSAL
Número de la Clasificación Decimal Universal 234:232
100 1# - ENTRADA PRINCIPAL--NOMBRE DE PERSONA
Nombre de persona Lupus, J.
Títulos y otros términos asociados al nombre Abbé.
9 (RLIN) 129152
245 13 - MENCIÓN DEL TÍTULO
Título Le traditionalisme et le rationalisme examinés au point de vue de la philosophie et de la doctrine catholique /
Mención de responsabilidad, etc. par l'abbé J. Lupus.
260 ## - PUBLICACIÓN, DISTRIBUCIÓN, ETC.
Lugar de publicación, distribución, etc. Liége :
Nombre del editor, distribuidor, etc. [s.n.],
Fecha de publicación, distribución, etc. 1858 (
Fabricante H. Dessain)
300 ## - DESCRIPCIÓN FÍSICA
Extensión 3 v. (X, 355; 606; 953 p.) ;
Dimensiones 22 cm.
650 #4 - PUNTO DE ACCESO ADICIONAL DE MATERIA--TÉRMINO DE MATERIA
Término de materia o nombre geográfico como elemento de entrada Racionalismo.
9 (RLIN) 16644
752 ## - ENTRADA AGREGADA--NOMBRE JERÁRQUICO DEL LUGAR
País o entidad superior Bélgica -
Ciudad Lieja
852 ## - LOCALIZACIÓN
Ubicación ES-MaACL
Número de control de estantería G-8178-80
Nota libre -- Enc. hol.
Holdings
Estatus retirado Estado de pérdida Estado de daño No para préstamo Colección Biblioteca de origen Biblioteca actual Ubicación en estantería Fecha de adquisición Total de préstamos Signatura topográfica completa Código de barras Visto por última vez Precio de reemplazo Tipo de ítem Koha
        Libros del s. XIX Biblioteca del Ateneo de Madrid Biblioteca del Ateneo de Madrid Sala Pecera Planta 3 17/01/2008   G-8178-80 1165619 23/02/2023 23/02/2023 Libro impreso antiguo